000 00529nam a2200169Ia 4500
003 LDD
008 190117s9999 xx 000 0 und d
020 _c₹150
040 _cLDD
041 _ahi
082 _a8S2.09 पा3412सं.
100 _aपाठक,मूलचंद
245 0 _aसंस्कृत नाटकों में अतिप्राकृतक तत्व
_cमूलचंद पाठक
260 _aजयपुर
_bदेवनगर
300 _a468प्र.
942 _2ddc
_cH
999 _c163095
_d163095